[Event "IECC P-4651"]
[Site "IECC email"]
[Date "2010.06.23"]
[Round "?"]
[White "Booith, Grahame"]
[Black "D'Aragona, Vittoria"]
[Result "1/2-1/2"]
[WhiteElo "1252"]
[BlackElo "1427"]
[PlyCount "53"]
[EventDate "2010.??.??"]
[EventType "match (corr)"]
[SourceTitle "Corr 2013"]
[Source "ChessBase"]
[SourceDate "2012.11.12"]
[SourceVersion "1"]
[SourceVersionDate "2012.11.12"]
[SourceQuality "1"]
[WhiteTeam "Australia"]
[BlackTeam "US of America"]
[WhiteTeamCountry "AUS"]
[BlackTeamCountry "USA"]

1. e4 e6 2. d4 d5 3. Nc3 Bb4 4. Bd2 dxe4 5. Bc4 Nf6 6. Nge2 Nc6 7. Bg5 Na5 8. b3 Nxc4 9. bxc4 c5 10. dxc5 Qa5 11. Qd2 Qxc5 12. Bxf6 gxf6 13. 0-0 Qxc4 14. Rab1 0-0 15. Rfd1 Be7 16. Qd4 Qxd4 17. Nxd4 f5 18. Ndb5 a6 19. Nd4 Bg5 20. g3 b5 21. Rb4 Bb7 22. a4 Rfc8 23. Nce2 e5 24. Nxf5 Rxc2 25. Kf1 a5 26. Rxb5 Ba6 27. Rdd5 1/2-1/2